000 00334nam a22001217a 4500
020 _a8174900586
082 _a808.831
_bDHI
_cL-NUST-01, P-46
245 _aAlif Laila Famous Stories from Arabian Nights Part-1
260 _aDelhi
_bDinghra
300 _aP71
_bill
_c22cm
526 _a0
_b0
_c0
_d808_831000000000000_DHI
942 _2ddc
_cBK
999 _c550155
_d550155